Manuales Ramsar para el uso racional de los humedales (Registro nro. 2127)

Detalles MARC
000 -CABECERA
Campo de control 02244nam a2200337 a 4500
005 - FECHA Y HORA DE LA ULTIMA TRANSACCION
Campo de control 20180803164952.0
008 - ELEMENTOS DE LONGITUD FIJA—INFORMACION GENERAL
Campo de control 140304b2000 sz ||||| |||| 00| 0 eng d
040 ## - FUENTE DE CATALOGACIÓN
Agencia catalogadora original CO-BoIAVH
Agencia transcriptora CO-BoIAVH
041 ## - IDIOMA
Código de idioma para texto/pista de sonido o título separado Español
Código de idioma de la versión original y/o traducciones intermedias del texto Inglés
044 ## - PAÍS DE PUBLICACIÓN
País de publicación Suiza
082 04 - NUMERO DE CLASIFICACION DECIMAL DEWEY
Número de clasificación 333.91817
Número del ítem R17m
110 2# - ASIENTO PRINCIPAL--NOMBRE CORPORATIVO
Unidad subordinad Convención de RAMSAR
9 (RLIN) 14690
245 10 - MENCION DE TITULO
Título Manuales Ramsar para el uso racional de los humedales
246 10 - FORMA VARIANTE DEL TITULO
Título propiamente dicho/forma breve del título Ramsar handbooks for the wise use of wetlands
246 10 - FORMA VARIANTE DEL TITULO
Título propiamente dicho/forma breve del título Manuels Ramsar pour I'utilisation rationelle des zones humides
260 ## - PUBLICACION, DISTRIBUCION, ETC. (PIE DE IMPRENTA)
Lugar de publicación, distribución, etc. Gland :
Nombre del editor, distribuidor, etc. Ramsar,
Fecha de publicación, distribución, etc. 2000.
300 ## - DESCRIPCION FISICA
Extensión 10 volúmenes :
Otros detalles físicos tablas, ilustraciones ;
Dimensiones 30 x 21 cm.
505 0# - NOTA DE CONTENIDO
Nota de contenido Plan de trabajo de la convención para el trienio 2000-2002.<br/>Vol. 1. Uso racional de los humedales.<br/>Vol. 2. Elaboración y aplicación de Políticas Nacionales de Humedales.<br/>Vol. 3. Examen de leyes e instituciones para promover la conservación y el uso racional de los humedales.<br/>Vol. 4. Integración de la conservación y uso racional de los humedales en el manejo de las cuencas hidrográficas.<br/>Vol. 5. Establecimiento y fortalecimiento de la participación de las comunidades locales y de los pueblos indígenas en el manejo de los humedales.<br/>Vol. 6. Programa de Promoción de la Convención sobre los Humedales - Promover la conservación y uso racional de los humedales mediante la comunicación, la educación y la concienciación del público.<br/>Vol. 7. Marco estratégico y lineamientos para el desarrollo futuro de la Lista de Humedales de Importancia Internacional.<br/>Vol. 8. Marcos para manejar Humedales de Impotancia Internacional y otros humedales.<br/>Vol. 9. Lineamientos para la cooperación internacional con arreglo sobre la Convención de Ramsar sobre los Humedales.
650 #4 - ASIENTO SECUNDARIO DE MATERIA - TERMINO TEMATICO
Término temático o nombre geográfico como elemento de entrada Convención RAMSAR
9 (RLIN) 4263
650 #6 - ASIENTO SECUNDARIO DE MATERIA - TERMINO TEMATICO
Término temático o nombre geográfico como elemento de entrada Humedales
9 (RLIN) 44001
650 #6 - ASIENTO SECUNDARIO DE MATERIA - TERMINO TEMATICO
Término temático o nombre geográfico como elemento de entrada Cuencas hidrográficas
9 (RLIN) 92255
650 #6 - ASIENTO SECUNDARIO DE MATERIA - TERMINO TEMATICO
Término temático o nombre geográfico como elemento de entrada Cooperación internacional
9 (RLIN) 44003
650 #6 - ASIENTO SECUNDARIO DE MATERIA - TERMINO TEMATICO
Término temático o nombre geográfico como elemento de entrada Manejo de cuencas
9 (RLIN) 7047
650 #6 - ASIENTO SECUNDARIO DE MATERIA - TERMINO TEMATICO
Término temático o nombre geográfico como elemento de entrada Manejo de ecosistemas
9 (RLIN) 92251
650 #6 - ASIENTO SECUNDARIO DE MATERIA - TERMINO TEMATICO
Término temático o nombre geográfico como elemento de entrada Humedales
Subdivisión general Legislación
9 (RLIN) 44005
650 #6 - ASIENTO SECUNDARIO DE MATERIA - TERMINO TEMATICO
Término temático o nombre geográfico como elemento de entrada Humedales
Subdivisión general Inventarios
9 (RLIN) 44006
650 #6 - ASIENTO SECUNDARIO DE MATERIA - TERMINO TEMATICO
Término temático o nombre geográfico como elemento de entrada Conservación de ecosistemas
9 (RLIN) 44007
650 #6 - ASIENTO SECUNDARIO DE MATERIA - TERMINO TEMATICO
Término temático o nombre geográfico como elemento de entrada Humedales
Subdivisión general Uso sostenible
9 (RLIN) 44008
650 #6 - ASIENTO SECUNDARIO DE MATERIA - TERMINO TEMATICO
Término temático o nombre geográfico como elemento de entrada Educación ambiental
Subdivisión general Humedales
9 (RLIN) 44009
942 ## - ELEMENTOS ADICIONALES (KOHA)
Tipo de ítem Libro
Sistema de clasificación Dewey Decimal Classification
Koha issues (borrowed), all copies 1
Existencias
Withdrawn status Lost status Sistema de Clasificación Damaged status No para préstamo Colección Inventariado Ubicación Permanente Ubicación actual Fecha de adquisición Fuente de Valor Valor Total Checkouts Número topográfico Inventario / Código de Barras Date last seen Ejemplar Price effective from Forma de adquisición Tipo de material Date checked out
    Dewey Decimal Classification     General Inventariado 2017 Bogotá Bogotá 08/03/2001 Instituto 39000.00   LB-333.91817 R17m 002647 04/12/2012 Ej.1 04/12/2012   Libro  
    Dewey Decimal Classification     General Inventariado 2017 Bogotá Bogotá 01/06/2001 Instituto 39000.00   LB-333.91817 R17m 002648 04/12/2012 V.1 Ej.1 04/12/2012   Libro  
    Dewey Decimal Classification     General Inventariado 2017 Bogotá Bogotá 01/06/2001 Instituto 39000.00   LB-333.91817 R17m 002649 04/12/2012 V.2 Ej.1 04/12/2012   Libro  
    Dewey Decimal Classification     General Inventariado 2017 Bogotá Bogotá 01/06/2001 Instituto 39000.00   LB-333.91817 R17m 002650 04/12/2012 V.3 Ej.1 04/12/2012   Libro  
    Dewey Decimal Classification     General Inventariado 2017 Bogotá Bogotá 01/06/2001 Instituto 39000.00   LB-333.91817 R17m 002651 04/12/2012 V.4 Ej.1 04/12/2012   Libro  
    Dewey Decimal Classification     General Inventariado 2017 Bogotá Bogotá 01/06/2001 Instituto 39000.00 1 LB-333.91817 R17m 002652 20/10/2017 V.5 Ej.1 04/12/2012   Libro 20/10/2017
    Dewey Decimal Classification     General Inventariado 2017 Bogotá Bogotá 01/06/2001 Instituto 39000.00   LB-333.91817 R17m 002653 04/12/2012 V.6 Ej.1 04/12/2012   Libro  
    Dewey Decimal Classification     General Inventariado 2017 Bogotá Bogotá 01/06/2001 Instituto 39000.00   LB-333.91817 R17m 002654 04/12/2012 V.7 Ej.1 04/12/2012   Libro  
    Dewey Decimal Classification     General Inventariado 2017 Bogotá Bogotá 01/06/2001 Instituto 39000.00   LB-333.91817 R17m 002655 04/12/2012 V.8 Ej.1 04/12/2012   Libro  
    Dewey Decimal Classification     General Inventariado 2017 Bogotá Bogotá 01/06/2001 Instituto 39000.00   LB-333.91817 R17m 002656 04/12/2012 V.9 Ej.1 04/12/2012   Libro